MDQL
is popping MORE tags! Check the
thread
!
Quizzes
Events
Quiz Creation
Community
Videos
Private Events
Remove Ads
Sign In
Join for FREE
Feedback
Dark Mode
Quiz Categories
Sports
Geography
Music
Movies
Television
Just For Fun
Miscellaneous
History
Literature
Language
Science
Gaming
Entertainment
Religion
Holiday
For Kids
Quiz Lab
Recent
Popular Today
Quiz Kudos Today
Editor Picks
Curator Picks
Quizzes by...
Day
Popularity
Type
Ratings
Length
Year
Community
Subscriptions
Recent Discussions
Orange Saloon
Badges
Playlists
Quests
Create
Leaderboards
Showdown
Live 5
Trivia Bingo
Activity
Puzzle Library
Sporcle Events
Private Events
Virtual Trivia
Globe League
Become a Host
Pub Owners
SporcleCon
Opinionation
Our Games
Videos
Blog
Mobile Apps
Partnerships
Remove Ads and Go Orange
Feedback
Movies
Disney
Marvel Cinematic Universe
Movie Resume
Movie Titles
Oscar
Actor
Actress
Director
Pixar
Role
Movie Quotes
Movie Characters
Box Office
Nominee
Best Picture
Star Wars
James Bond
Horror Movies
Movies
Disney
Marvel Cinematic Universe
Movie Resume
Movie Titles
Oscar
Actor
Actress
Director
Pixar
Role
Movie Quotes
Movie Characters
Box Office
Nominee
Best Picture
Star Wars
James Bond
Horror Movies
Random Quiz
Search Sporcle
×
Quiz Lab
Quiz Lab
Movies
Actor
Type in answers that appear in a list
Type in answers that appear in a list
Classic
Best Score? Go Orange.
The Complete Magnificent Seven - from 1954 to 2016 Stats
Can you name the actors who have played the Seven Samurai / Magnificent Seven in all incarnations?
By
craggers
10m
56 Questions
50 Plays
50 Plays
50 Plays
Comments
Comments
Give Quiz Kudos
Give Quiz Kudos
-
- Ratings
hide this ad
Replay
Link that replays current quiz
Next Quiz
Link to next quiz in quiz playlist
You Got
0%
They Got
Avg Score
19%
Avg Friend Score
Upgrade to see
Score Distribution
Jump to the score distribution portion of the page
Score
0/56
Timer
10:00
0
Plays Today
Title
Actor
% Correct
The Magnificent Seven (1960)
Yul Brynner
78%
The Magnificent Seven (1960)
Steve McQueen
78%
Return of the Seven (1966)
Yul Brynner
78%
The Magnificent Seven (2016)
Chris Pratt
76.2%
The Magnificent Seven (1960)
Charles Bronson
72%
The Magnificent Seven (2016)
Denzel Washington
71.4%
The Magnificent Seven (1960)
James Coburn
70%
The Magnificent Seven (1960)
Robert Vaughn
60%
Battle Beyond the Stars (1980)
Robert Vaughn
60%
The Magnificent Seven (2016)
Ethan Hawke
57.1%
The Seven Samurai (1954)
Toshiro Mifune
46%
The Magnificent Seven (1960)
Brad Dexter
44%
The Magnificent Seven (2016)
Vincent D'Onofrio
38.1%
The Magnificent Seven (2016)
Byung-Hun Lee
38.1%
The Magnificent Seven (1960)
Horst Buchholz
36%
Guns of the Magnificent Seven (1969)
George Kennedy
32%
The Magnificent Seven Ride! (1972)
Lee van Cleef
30%
The Magnificent Seven (1998 TV series)
Michael Biehn
22%
Guns of the Magnificent Seven (1969)
Scott Thomas
16%
The Magnificent Seven (1998 TV series)
Ron Perlman
16%
Battle Beyond the Stars (1980)
Richard Thomas
16%
Guns of the Magnificent Seven (1969)
James Whitmore
14%
Battle Beyond the Stars (1980)
George Peppard
14%
Guns of the Magnificent Seven (1969)
Joe Don Baker
12%
Return of the Seven (1966)
Robert Fuller
10%
Return of the Seven (1966)
Claude Akins
10%
Guns of the Magnificent Seven (1969)
Bernie Casey
10%
The Magnificent Seven Ride! (1972)
Pedro Armendariz Jr.
10%
Title
Actor
% Correct
The Magnificent Seven (2016)
Manuel Garcia-Rulfo
9.5%
The Magnificent Seven (2016)
Martin Sensmeier
9.5%
Return of the Seven (1966)
Warren Oates
8%
Guns of the Magnificent Seven (1969)
Monte Markham
8%
The Magnificent Seven Ride! (1972)
Ed Lauter
8%
The Magnificent Seven (1998 TV series)
Eric Close
8%
The Seven Samurai (1954)
Takashi Shimura
8%
The Seven Samurai (1954)
Daisuke Kato
8%
The Seven Samurai (1954)
Minoru Chiaki
8%
Battle Beyond the Stars (1980)
Sybil Danning
8%
Guns of the Magnificent Seven (1969)
Reni Santoni
6%
The Magnificent Seven Ride! (1972)
James Sikking
6%
The Magnificent Seven (1998 TV series)
Dale Midkiff
6%
The Magnificent Seven (1998 TV series)
Anthony Starke
6%
The Magnificent Seven (1998 TV series)
Rick Worthy
6%
The Seven Samurai (1954)
Yoshio Inaba
6%
The Seven Samurai (1954)
Isao Kimura
6%
The Seven Samurai (1954)
Seiji Miyaguchi
6%
Battle Beyond the Stars (1980)
Earl Boen
6%
Return of the Seven (1966)
Julian Mateos
4%
Return of the Seven (1966)
Jordan Christopher
4%
The Magnificent Seven Ride! (1972)
Michael Callan
4%
The Magnificent Seven Ride! (1972)
Luke Askew
4%
The Magnificent Seven Ride! (1972)
William Lucking
4%
The Magnificent Seven (1998 TV series)
Andrew Kavovit
4%
Return of the Seven (1966)
Virgilio Teixeira
4%
Battle Beyond the Stars (1980)
Darlanne Fluegel
4%
Battle Beyond the Stars (1980)
Morgan Woodward
4%
Quiz Playlist
Details
Report
Send in Message
Add To Playlist
Classic:
Type in answers that appear in a list
Quiz Source
Last Updated: Feb 16, 2017
Quiz Scoreboard
CHALLENGE
Sign Up to Join the Scoreboard
Show All
Scores
Hide
Comments
May contain spoilers
Recently Published
1-10 Letter E Words III
by El_Dandy
Language
2m
Street Fighter Characters
by Artimus82
Gaming
60s
College Basketball Coaching Resumes
by pancakes188
Sports
9m
More to Explore
Quiz From the Vault
Featured Blog Post
Where Did the Easter Bunny Come From?
hide this ad
You Might Also Like...
Tags
Actor Quiz
Character
magnificent
Magnificent Seven
samurai
Seven
Today's Top Quizzes in Movies
Browse Movies
hide this ad
Today's Top Quizzes in Actor
Browse Actor
Top Contributed Quizzes in Movies
1
Pick 5 Posters: Directed by Spielberg
2
7-to-1: Pixar Characters
3
Hidden Star Wars Character II
4
Hidden Star Wars Character III
5
Pick 5 Posters: Lowest-Rated Spielberg
6
Sorting Actresses
7
Sorting Actors
8
Hidden Star Wars Character IV
9
Hidden Star Wars Character V
10
Pick 5 Posters: Directed by Scorsese
Explore More
Trending Topics
Marvel
Harry Potter
Crossword
NBA
Kpop
Anime
Disney
NFL
The Office
Pokémon
Puzzle
Country
WWE
Soccer
Song
hide this ad
More By:
craggers
Quiz
Plays
Rating
Category
Featured
Created
James Bond Recurring Characters
2,275
4.70
Movies
May 1, 2010
Scottish Islands
2,203
4.67
Geography
Dec 15, 2009
Carry On Film Regulars
2,161
5.00
Movies
Nov 22, 2009
James Bond trivia
2,122
4.13
Entertainment
Dec 14, 2009
UK Number One Artists: The 1980s
1,904
5.00
Music
Nov 6, 2015
Go to Creator's Profile
Score Distribution
Quiz Creator Spotlight
craggers
Follow
Send a Message
Quizzes Created
-
Created Quiz Play Count
-
More By This Creator
Popular Quizzes Today
1
Find the US States - No Outlines Minefield
2
Find the Countries of Europe - No Outlines Minefield
3
The Countries of the World
4
Find the US States
5
Risky Map Clicking: Biggest States A-Z
6
US States
7
Popular People in 1961
8
Movies - When Are They Set?
More Movies Quizzes
Truth and Beauty in Movie Titles
Published
Trending Quizzes
Risky Map Clicking: Least Populous States A-Z
1-10 Letter G Words
1-10 Letter F Words
Countries of the World: 200 Million BC
Risky Map Clicking: Next State Alphabetically
Recently Updated
Beyoncé Albums
pecheneg
Leaping Animals
pecheneg
Reality TV Shows (A-Z)
bhenderson79
Rickey Henderson's Hall of Fame Teammates
pecheneg
Champions League XIs: Arsenal
pecheneg
Quick Pick: Celebrities in WWE's Hall of Fame
aduchscher
A-Z Keypad Blitz II
pecheneg
Multiple Oscar Actors
pecheneg
Mystery Phrase Blitz: Oscar 'Best Actors'
pecheneg
F. Scott Fitzgerald Novels
LTH
Trending Topics
Disney
Anime
Crossword
Harry Potter
NBA
Kpop
Marvel
Pokémon
Soccer
The Office
Song
Country
NFL
Puzzle
WWE
Your Account Isn't Verified!
In order to create a playlist on Sporcle, you need to verify the email address you used during registration. Go to your
Sporcle Settings
to finish the process.
Report this User
Report this user for behavior that violates our
Community Guidelines
.
Details:
Send Report
Go to the Sporcle.com Mobile Site →
Comments